| 000 | 00520nmm a2200157Ia 4500 | ||
|---|---|---|---|
| 008 | 251105s9999||||xx |||||||||||||||||und|| | ||
| 020 | _a9789587165005 | ||
| 041 | _aspa | ||
| 100 | _aMaglia, Graciela y Schwegler, Armin (eds.) | ||
| 245 | 0 |
_aPalenque, Colombia : _b Oralidad, identidad y resistencia |
|
| 264 |
_a[Bogotá, Colombia] : _bEditorial Pontificia Universidad Javeriana, _c2012 |
||
| 300 | _a321 páginas | ||
| 650 | _aAnthropology | ||
| 856 | _uhttps://public.digitaliapublishing.com/a/19536 | ||
| 942 | _cCF | ||
| 999 |
_c95532 _d95532 |
||